00430cam a2200169ua 45000010005000000080039000050400009000440410008000530820011000611000032000722450070001042500009001742600033001833000010002166530016002266530018002427477141211n ii |||gr||||Z||||||ben cMAIN aben a782.42 aBandyopadhyay, N.,eAuthor.1 aSangeet parichiti : bUttar bhag / cBy Nilratan Bandyopadhyay .  a1st. aCalcutta:bHashntika,c1991. a210p. aVocal music aBengali songs